000 008180000a22003130004500
090 _aAR
_b00500
100 1 _aWoodson, Robert E.
_918122
700 1 _aSchery, Robert W.
_918126
245 1 0 _aFlora of Panama
650 1 4 _aBotánica
_9361
650 1 4 _aInventaríos de flora
_993543
650 1 4 _aMorfología vegetal
_918295
650 1 4 _aTaxonomía vegetal
_992262
651 4 _pPanamá
_992749
653 _fUlmaceae
653 _fFagaceae
653 _fCorylaceae
653 _fUrticaceae
653 _fMoraceae
653 _fProteaceae
653 _fJuglandaceae
653 _fMyricaceae
653 _fSalicaceae
653 _fChloranthaceae
653 _fLacistemaceae
041 0 _aInglés
942 _cARTICULO
773 1 _tAnnals of the Missouri Botanical Garden
_3157
_h2
_q134-144
_d1960
_g47
999 _c9596
_d9596